000 00825nam a2200265 i 4500
003 DO-SdBNP
005 20240305130443.0
007 ta
008 230420b2006 dr ||||| |||| 00| 0 spa d
040 _aDO-SdBNP
_bspa
_cBNPHU
_erda
082 4 _222
_b2006
100 1 _aIsa Conde, Narciso,
_d1942-
_912387
245 1 0 _aRescatar sus enseñanzas :
_bpara que Abril tenga futuro /
_cNarciso Isa Conde.
250 _a2a. ed.
264 _aSanto Domingo :
_bPubliguías,
_c2006.
300 _a70 p. :
_c22 cm.
336 _2rdacontent
_atexto
_btxt
337 _2sin mediación
_an
_brdamedia
338 _2rdacarrier
_avolumen
_bnc
590 _aInventariado, 2023/BT
650 4 _aSocialismo
_zRepública Dominicana
_979073
650 4 _aRevoluciones
_zRepública Dominicana
_979074
910 _aBtavárez
942 _2ddc
_cLBS1
999 _c53325
_d53325